000 00585nam a2200229 a 4500
001 5054
003 CO-ViMGA
008 141112s2004 ck r 000 u spa d
040 _aCO-ViMGA
_bspa
_cCO-ViMGA
082 0 4 _a370.15 H177s
100 1 _aHarris, Martha
_93289
245 1 0 _aSu hijo de 11 años
250 _a3a
260 _aBarcelona :
_bPaidós,
_c1993
300 _a131 p
490 _aPaidós educador, 38
650 1 4 _aADOLESCENCIA
650 1 4 _aeducación INFANTIL
_948403
650 1 4 _aPSICOLOGIA
_95002
650 1 4 _aPSICOLOGIA DE LA educación
942 _2ddc
_cBK
999 _c17055
_d17055